UM Logo

Companions in the mission of Jesus : (Record no. 8226)

MARC details
000 -LEADER
fixed length control field 00688nam a2200157 4500
008 - FIXED-LENGTH DATA ELEMENTS--GENERAL INFORMATION
fixed length control field 180104b xxu||||| |||| 00| 0 eng d
020 ## - INTERNATIONAL STANDARD BOOK NUMBER
International Standard Book Number 0878404503
082 ## - DEWEY DECIMAL CLASSIFICATION NUMBER
Edition number 1987
Classification number DC 242.3419
Item number C73
245 ## - TITLE STATEMENT
Title Companions in the mission of Jesus :
Remainder of title texts for prayer and reflection in the Lenten and Easter seasons /
Statement of responsibility, etc. New York Province of the Society of Jesus.
260 ## - PUBLICATION, DISTRIBUTION, ETC. (IMPRINT)
Place of publication, distribution, etc. New York, N.Y. :
Name of publisher, distributor, etc. Georgetown University Press for the New York Province of the Society of Jesus,
Date of publication, distribution, etc. ©1987.
300 ## - PHYSICAL DESCRIPTION
Extent xi, 97 pages ;
Dimensions 23 cm
500 ## - GENERAL NOTE
General note Includes bibliographies and index.
650 #0 - SUBJECT ADDED ENTRY--TOPICAL TERM
9 (RLIN) 25445
Topical term or geographic name as entry element Lent
General subdivision Prayers and devotions
650 #0 - SUBJECT ADDED ENTRY--TOPICAL TERM
9 (RLIN) 25447
Topical term or geographic name as entry element Eastertide
General subdivision Prayers and devotions
942 ## - ADDED ENTRY ELEMENTS (KOHA)
Source of classification or shelving scheme Dewey Decimal Classification
Koha item type Circulation
Holdings
Withdrawn status Lost status Source of classification or shelving scheme Damaged status Not for loan Collection code Home library Current library Date acquired Source of acquisition Total Checkouts Full call number Barcode Date last seen Price effective from Koha item type
    Dewey Decimal Classification     Circulation UM Digos College - LIC UM Digos College - LIC 04/10/2008 Donated   DC 242.3419 C73 1987 19432 05/15/2025 01/04/2018 Circulation